Pokémon Moves that Cause Freeze - Statistics

General Stats
  • This quiz has been taken 55 times
  • The average score is 7 of 10
Answer Stats
Gen Introduced Type Chance to Freeze Move % Correct
1 Ice 10% Ice Beam
100%
1 Ice 10% Blizzard
93%
1 Ice 10% Ice Punch
83%
1 Normal 6.67% Tri Attack
83%
4 Ice 10% Ice Fang
79%
8 Psychic 10% Freezing Glare
74%
2 Ice 10% Powder Snow
67%
6 Ice 10% Freeze-Dry
60%
3 Normal 30% Secret Power
55%
3 Shadow 10% Shadow Chill
14%
No matching quizzes found
Score Distribution
Percent of People with Each Score
Percentile by Number Answered
Your Score History
You have not taken this quiz